| 000 | 01109cam a22003135i 4500 | ||
|---|---|---|---|
| 999 |
_c27771 _d27742 |
||
| 001 | 18886043 | ||
| 003 | EG-ScBUE | ||
| 005 | 20191121141708.0 | ||
| 008 | 151207s2016 nyua f b 001 0 eng d | ||
| 020 | _a9781138958746 (pbk) | ||
| 040 |
_aDLC _beng _erda _cDLC _dDLC _dEG-ScBUE |
||
| 082 | 0 | 4 |
_a337 _bCOH _222 |
| 100 | 1 |
_aCohn, Theodore H. _d1940- _eauthor. |
|
| 245 | 1 | 0 |
_aGlobal political economy : _btheory and practice / _cTheodore H. Cohn. |
| 250 | _aSeventh edition. | ||
| 264 | 1 |
_aNew York ; _aAbingdon, Oxon : _bRoutledge / Tayllor and Francis Group, _c2016. |
|
| 300 |
_axxi, 426 pages ; _c23 cm |
||
| 336 |
_atext _btxt _2rdacontent |
||
| 337 |
_aunmediated _bn _2rdamedia |
||
| 338 |
_avolume _bnc _2rdacarrier |
||
| 504 | _aIncludes bibliographical references and index. | ||
| 650 | 7 |
_aInternational economic relations. _2BUEsh |
|
| 650 | 7 |
_aInternational trade. _2BUEsh |
|
| 650 | 7 |
_aInternational finance. _2BUEsh |
|
| 653 |
_bMASPPSS _cNovember2019 |
||
| 655 | _vReading book | ||
| 856 | 4 | 2 |
_3An eResource is available for this book _uhttps://www.routledge.com/9781138958746 |
| 942 |
_2ddc _cBB |
||